| 000 | 00390 a2200145 4500 | ||
|---|---|---|---|
| 001 | 92440 | ||
| 082 | _a355.009 JAM | ||
| 090 |
_c44413 _d44414 |
||
| 100 | _aJamil Ahmed Khan SI former Ambassador | ||
| 245 | _aSipah gari say safarat kari tak | ||
| 260 |
_aIslamabad _b[n. p] _c2015 |
||
| 300 | _a250 p. | ||
| 520 | _abiography-military officer | ||
| 650 | _amilitary officer biography | ||
| 942 |
_aCAE NUST _k355.009 JAM |
||
| 999 |
_c327513 _d327513 |
||